00354 a2200109 4500001001000000005001700010008004100027245005500068100002700123700002300150773007100173ART_4385220260410162026.0260409a 10aInterfirm segregation and the black/white wage gap1 aCarrington, William J.1 aTroske, Kenneth R.0 tJournal of labor economicsg- Vol. 16, NÂș 2 (abr. 1998)wREV43438